书目信息 |
| 题名: |
罪恶的黑手
|
|
| 作者: | ;北京市公安局办公室 编 | |
| 分册: | ||
| 出版信息: | 北京 群众出版社 1978 |
|
| 页数: | 79页 | |
| 开本: | 19cm | |
| 丛书名: | ||
| 单 册: | ||
| 中图分类: | D071 | |
| 科图分类: | ||
| 主题词: | 政治--派别 , 政治--思潮 | |
| 电子资源: | ||
| ISBN: | ||
| 000 | 00662nam0 2200229 45 | |
| 001 | 0178005560 | |
| 005 | 20060731085006.26 | |
| 010 | @dCNY0.20 | |
| 091 | @a3067.67 | |
| 100 | @a19950713d1978 em y0chiy0121 ea | |
| 101 | 0 | @achi |
| 102 | @aCN@b110000 | |
| 105 | @ay z 000yy | |
| 200 | 10 | @a罪恶的黑手@Azui e de hei shou@e揭批“四人帮”在北京市公安局那个黑干将的反革命罪行@f北京市公安局办公室编 |
| 210 | @a北京@c群众出版社@d1978 | |
| 215 | @a79页@d19cm | |
| 606 | 0 | @a政治@x派别 |
| 606 | 0 | @a政治@x思潮 |
| 690 | @aD071 | |
| 711 | 02 | @a北京市公安局办公室@Abei jing shi gong an ju ban gong shi@4编 |
| 801 | 0 | @aCN@bNLC@c20060731 |
| 905 | @f1@b3507@dD071@e1 | |
| 罪恶的黑手:揭批“四人帮”在北京市公安局那个黑干将的反革命罪行/北京市公安局办公室编.-北京:群众出版社,1978 |
| 79页;19cm |
| ISBN :CNY0.20 |
| ● |
| 相关链接 |
|
|
|
|
正题名:罪恶的黑手
索取号:D071/1
 
预约/预借
| 序号 | 登录号 | 条形码 | 馆藏地/架位号 | 状态 | 备注 |
| 1 | 0003507 | 001926624 | 密集书库/ [索取号:D071/1] | 在馆 | |
| 2 | 0440701 | 204407016 | 密集书库/ [索取号:D071/1] | 在馆 | |
| 3 | 0440702 | 204407025 | 密集书库/ [索取号:D071/1] | 在馆 |